| 000 | 00434pam a2200169 a 4500 | ||
|---|---|---|---|
| 020 |
_a0781767245 _c |
||
| 041 | _h | ||
| 082 |
_a618.1 _bSPE |
||
| 100 | _aSPEROFF, L . | ||
| 245 |
_aCLINICAL GYNAECOLOGIC ENDOCRINOLOGY & INFARTILITY / _hTextual Documents |
||
| 250 | _a7 ED. | ||
| 260 |
_a[s.l]: _bLIPPINCOTT WILLIAMS & WILKINS , , _c2005. |
||
| 300 | _a1334 ; :. | ||
| 700 | _aFRITZ, M . | ||
| 930 | _a97 | ||
| 999 |
_c794636 _d794636 |
||
| 650 | _aOBST.GYNE | ||